Giải pháp phát triển cơ sở sản xuất tiểu thủ công nghiệp tỉnh Trà Vinh Luận văn thạc sĩ. Chuyên ngành: Quản lý Kinh tế. Mã ngành: 8340410
Saved in:
| Main Author: | |
|---|---|
| Corporate Authors: | , |
| Other Authors: | |
| Language: | Undetermined Vietnamese |
| Published: |
Trà Vinh
Trường Đại học Trà Vinh
2019
|
| Subjects: | |
| Tags: |
Add Tag
No Tags, Be the first to tag this record!
|
| Institutions: | Trung tâm Học liệu Trường Đại học Trà Vinh |
|---|
| LEADER | 01086nam a2200289Ia 4500 | ||
|---|---|---|---|
| 001 | TVU_32085 | ||
| 008 | 210423s9999 xx 000 0 und d | ||
| 041 | |a vie | ||
| 082 | |a 338.60959786 | ||
| 082 | |b H107 | ||
| 100 | |a Bùi, Thị Huỳnh Hạnh | ||
| 245 | 0 | |a Giải pháp phát triển cơ sở sản xuất tiểu thủ công nghiệp tỉnh Trà Vinh | |
| 245 | 0 | |b Luận văn thạc sĩ. Chuyên ngành: Quản lý Kinh tế. Mã ngành: 8340410 | |
| 245 | 0 | |c Bùi Thị Huỳnh Hạnh ; Trương Thị Bé Hai (hướng dẫn khoa học) | |
| 260 | |a Trà Vinh | ||
| 260 | |b Trường Đại học Trà Vinh | ||
| 260 | |c 2019 | ||
| 300 | |a x, 90, 12 tr. | ||
| 300 | |b minh hoạ | ||
| 300 | |c 30 cm | ||
| 504 | |a Thư mục cuối chính văn | ||
| 650 | |a Tiểu thủ công nghiệp; Nghề thủ công | ||
| 700 | |a Bùi Thị Huỳnh Hạnh; Trương Thị Bé Hai | ||
| 700 | |e hướng dẫn khoa học | ||
| 710 | |a Ủy ban Nhân dân tỉnh Trà Vinh | ||
| 710 | |b Trường Đại học Trà Vinh | ||
| 980 | |a Trung tâm Học liệu Trường Đại học Trà Vinh | ||